000 02345cam a22004694i 4500
003 PE-LiUPU
005 20250731173303.0
008 150625s r 000 0 d
020 _a0311138398
035 _a(Sirsi) i9780311138395
040 _aPE-LiUPU
_bspa
_cPE-LiUPU
_erda
049 _aPRUA
082 0 4 _a269.2
_bS57
_221
100 1 _aSisson, Richard,
_eautor.
245 1 0 _aPrepárese para evangelizar :
_bUn programa de evangelización personal /
_cRichard Sisson.
250 _a3a
264 1 _aEl Paso, TX :
_bCasa Bautista de Publicaciones,
_c2001.
300 _a215 páginas ;
_c21 centímetros
336 _atext
_2rdacontent
337 _aunmediated
_2rdamedia
338 _avolume
_2rdacarrier
505 0 _aIntroducción. -La necesidad de la evangelización. -Cómo vencer los temores. -Cómo vencer las tres cuestiones cruciales. -Cómo dar nuestro testimonio personal. -Un método completo para presentar el evangelio fase una: Desde el primer momento de la conversación hasta el descubrimiento de la necesidad de la persona.-Un método completo para presentar el evangelio fase dos: Presentación de las cinco verdades, básicas del evangelio. -Un método completo para presentar el evangelio fase tres: Cómo conducir a la persona al momento de la decisión. -Cómo responder a las preguntas y objeciones principales. -Lo que debe hacerse y lo que no se debe hacerse en la evangelización. -Contacto personal subsiguiente--Un desafío para el individuo. -Conservación de resultados corporativa--Una tarea para la iglesia. -¿Qué hacemos ahora?.
526 _aSEG42
526 _aSEG41
526 _aSEG40
526 _aSEG39
526 _aP94
526 _aP87
526 _aP86
526 _aP85
526 _aP77
526 _aP76
526 _aP35
541 _g001-0014464;
650 0 4 _aEvangelismo personal.
910 _baj
_cnm
_d20050714
942 _2ddc
_cBOOK
949 _a269.2 S57
_wDEWEY
_c1
_i55534
_lCCODEBUL1
_mBUL
_p8.00
_r0
_sY
_tBOOK
_u2015-6-25
_xTEOLOGIA
_zUNKNOWN
_0COMPRA
_o.STAFF. Colección General
994 _aC0
_bPEPRU
596 _a1
999 _a269.2 S57
_wDEWEY
_c44413
_i55534
_d44413
_f2021-11-12
_g5
_lCCODEBUL1
_mBUL
_p8.00
_q1
_r0
_sY
_tBOOK
_u2015-6-25
_xTEOLOGIA
_zUNKNOWN
_0COMPRA
_o.STAFF. Colección General
980 _81
_gALBERTO SANCHEZ Responsable de Automatización